Statistics for Random flags of the world 1

Click here to take the quiz!

General Stats

  • This quiz has been taken 16 times
  • The average score is 25 of 26

Answer Stats

Answer% Correct
bangladesh
100%
israel
100%
japan
100%
kyrgyzstan
100%
monaco
100%
new zealand
100%
north macedonia
100%
palau
100%
portugal
100%
qatar
100%
saudi arabia
100%
turkmenistan
100%
united arab emirates
100%
comoros
90%
dominican republic
90%
equatorial guinea
90%
guyana
90%
haiti
90%
kiribati
90%
lesotho
90%
morocco
90%
nicaragua
90%
peru
90%
somalia
90%
ecuador
80%
finland
80%

Score Distribution

Percentile by Number Answered

Percent of People with Each Score

Your Score History

You have not taken this quiz